000 00563nam a2200193Ia 4500
003 LDD
008 181029s9999 xx 000 0 und d
020 _a387310738
_cE59.95
040 _cLDD
100 _aBishop, Christopher M
245 0 _aPattern recognition and machine learning
_cChristopher M Bishop
260 _aNew York
_bSpringer
_c2006
300 _axx,738p.
365 _bE 59.95
901 _a4090
_b09-01-2008
902 _aINV-4659
_b19-02-2008
_cF
_dASIAN
_e51
903 _aDiscount-15
_bReqst by : S. Venkaturaman
942 _2ddc
_cBK
999 _c81061
_d81061